000 00878cam a22002652 4500
001 21394
003 BD-RjUL
005 20211209000659.0
008 140304r19501910enka 000 1 eng d
035 _aOCLC ocm19377009 from D970423M
_a(BD-RjUL)21458
040 _aCUY
_cCUY
_dOCL
_dEQO
_dBD-RjUL
_beng
041 _aeng
082 _a823
_bWYS 1950
090 _aPT2583.W9
_bS32 1946
100 1 _aWyss, Johann David,
_d1743-1818.
_966119
245 1 4 _aThe Swiss family Robinson /
_c Johann Rudolf Wyss.
260 _aLondon :
_bJ.M. Dent ;
_aNew York :
_bE.P. Dutton,
_c1910 [reprinted 1950]
300 _axiii, 498 p. :
_billus. ;
_c17 cm.
490 1 _aEveryman's library,
_vno. 430
650 _a Family life
_v Fiction.
_966120
830 0 _vno. 430
_966127
700 1 _aWyss, Johann Rudolf,
_d1782-1830.
_966122
830 0 _aEveryman's library,
_966128
942 _2ddc
_cBK
999 _c21394
_d21394